书目信息 |
| 题名: |
药香制作技艺
|
|
| 作者: | 时雅莉 著 | |
| 分册: | ||
| 出版信息: | 北京 北京美术摄影出版社 2018 |
|
| 页数: | 186页 | |
| 开本: | 24cm | |
| 丛书名: | 中国传统手工技艺丛书 | |
| 单 册: | ||
| 中图分类: | TQ65 | |
| 科图分类: | ||
| 主题词: | 香料--xiang liao--生产工艺 | |
| 电子资源: | ||
| ISBN: | 978-7-5592-0223-9 | |
| 000 | 01165nam 2200301 450 | |
| 001 | 012001005301 | |
| 005 | 20191213103639.60 | |
| 010 | @a978-7-5592-0223-9@dCNY68.00 | |
| 099 | @aCAL 012019048276 | |
| 100 | @a20190416d2018 em y0chiy50 ea | |
| 101 | 0 | @achi |
| 102 | @aCN@b110000 | |
| 105 | @aah a 000yy | |
| 106 | @ar | |
| 200 | 1 | @a药香制作技艺@Ayao xiang zhi zuo ji yi@f时雅莉著 |
| 205 | @a第2版 | |
| 210 | @a北京@c北京美术摄影出版社@d2018 | |
| 215 | @a186页@c彩图, 摹真@d24cm | |
| 225 | 2 | @a中国传统手工技艺丛书@Azhong guo chuan tong shou gong ji yi cong shu |
| 300 | @a国家出版基金项目 | |
| 320 | @a有书目 (第181-184页) | |
| 330 | @a“药香制作技艺”是国家级非物质文化遗产代表性项目, 本书从药香的历史以及文化背景讲起, 内容包括中国香文化的发展历史、药香制作的各个环节、药香的种类及使用方法以及药香的传承与发展, 其中不乏药香的制香秘诀。此外, 还记录了药香的家族传承和制香故事, 以及本项目的传承人对药香在当今社会意义的思考。 | |
| 410 | 0 | @12001 @a中国传统手工技艺丛书 |
| 606 | 0 | @a香料@Axiang liao@x生产工艺 |
| 690 | @aTQ65@v5 | |
| 701 | 0 | @a时雅莉@Ashi ya li@4著 |
| 801 | 0 | @aCN@b江苏凤凰@c20191020 |
| 905 | @b1207852-4@dTQ65@e89=2@f3 | |
| 药香制作技艺/时雅莉著.-第2版.-北京:北京美术摄影出版社,2018 |
| 186页:彩图, 摹真;24cm.-(中国传统手工技艺丛书) |
| 国家出版基金项目 |
| ISBN 978-7-5592-0223-9:CNY68.00 |
| “药香制作技艺”是国家级非物质文化遗产代表性项目, 本书从药香的历史以及文化背景讲起, 内容包括中国香文化的发展历史、药香制作的各个环节、药香的种类及使用方法以及药香的传承与发展, 其中不乏药香的制香秘诀。此外, 还记录了药香的家族传承和制香故事, 以及本项目的传承人对药香在当今社会意义的思考。 |
| ● |
| 相关链接 |
|
|
|
|
正题名:药香制作技艺
索取号:TQ65/89=2
 
预约/预借
| 序号 | 登录号 | 条形码 | 馆藏地/架位号 | 状态 | 备注 |
| 1 | 1207852 | 212078525 | 第二样本阅览室/ [索取号:TQ65/89=2] | 在馆 | |
| 2 | 1207853 | 212078534 | 第三借阅区/ [索取号:TQ65/89=2] | 在馆 | |
| 3 | 1207854 | 212078543 | 第三借阅区/ [索取号:TQ65/89=2] | 在馆 |